000 00332 a2200157 4500
001 61124
020 _a0194389049
040 _cAnchieta - Pituba
100 _aSoars, Liz
240 1 0 _aAmerican Headway
_lIng
245 1 0 _aAmerican Headway
300 _a81
362 0 _a2004
650 4 _aInglês e inglês antigo
942 _cBK
999 _c61124
_d61124